[Event "Teteven op 32nd"]
[Site "Teteven"]
[Date "2018.08.16"]
[Round "6"]
[White "Arbuzov, Timofey"]
[Black "Shentov, Petar Delian"]
[Result "1/2-1/2"]
[WhiteElo "1789"]
[BlackElo "1937"]
[PlyCount "32"]
[EventDate "2018.08.11"]
[EventType "swiss"]
[EventRounds "9"]
[EventCountry "BUL"]
[SourceTitle "CBM 186 Extra"]
[Source "ChessBase"]
[SourceDate "2018.08.24"]
[SourceVersion "1"]
[SourceVersionDate "2018.08.24"]
[SourceQuality "1"]

1. e4 Nf6 2. e5 Nd5 3. d4 d6 4. c4 Nb6 5. exd6 exd6 6. Nc3 Nc6 7. d5 Ne5 8. f4 Ng4 9. Nf3 Be7 10. Be2 0-0 11. 0-0 Re8 12. Ne4 Nd7 13. Bd3 Nc5 14. Nxc5 dxc5 15. f5 Bd6 16. h3 Nf6 1/2-1/2

[Event "Teteven op 32nd"]
[Site "Teteven"]
[Date "2018.08.11"]
[Round "1"]
[White "Geller, Jakov"]
[Black "Arbuzov, Timofey"]
[Result "1-0"]
[WhiteElo "2518"]
[BlackElo "1789"]
[PlyCount "89"]
[EventDate "2018.08.11"]
[EventType "swiss"]
[EventRounds "9"]
[EventCountry "BUL"]
[SourceTitle "CBM 186 Extra"]
[Source "ChessBase"]
[SourceDate "2018.08.24"]
[SourceVersion "1"]
[SourceVersionDate "2018.08.24"]
[SourceQuality "1"]

1. e4 d5 2. exd5 Qxd5 3. Nc3 Qa5 4. Bc4 c6 5. d3 Nf6 6. Nge2 Bf5 7. Bd2 e6 8. 0-0 Nbd7 9. Ng3 Bg6 10. f4 Bc5+ 11. Kh1 0-0 12. a3 Qd8 13. Nce4 Bb6 14. Qe2 h5 15. f5 exf5 16. Nxf5 Nxe4 17. Qxe4 Nf6 18. Qf3 Ng4 19. Rae1 Bxf5 20. Qxf5 Qh4 21. Bxf7+ Kh8 22. h3 Rad8 23. Qxh5+ Qxh5 24. Bxh5 Rxf1+ 25. Rxf1 Nf2+ 26. Kh2 Bc7+ 27. g3 Ne4 28. Bf4 Bxf4 29. Rxf4 Nf6 30. Bf7 Nh7 31. Re4 Rf8 32. Re8 g5 33. Re7 Rb8 34. Be6 Nf6 35. h4 gxh4 36. gxh4 Re8 37. Rxe8+ Nxe8 38. Kg3 Kg7 39. Kf4 Kf6 40. Bf5 Nd6 41. Be4 a5 42. h5 Nf7 43. d4 Ng5 44. h6 Ne6+ 45. Ke3 1-0

[Event "EU-ch U12 26th"]
[Site "Prague"]
[Date "2016.08.24"]
[Round "6"]
[White "Magold, Victor"]
[Black "Arbuzov, Timofey"]
[Result "1-0"]
[WhiteElo "1708"]
[BlackElo "1870"]
[PlyCount "85"]
[EventDate "2016.08.18"]
[EventType "swiss"]
[EventRounds "9"]
[EventCountry "CZE"]
[SourceTitle "CBM 174 Extra"]
[Source "ChessBase"]
[SourceDate "2016.10.10"]
[SourceVersion "1"]
[SourceVersionDate "2016.10.10"]
[SourceQuality "1"]

1. e4 d6 2. d4 Nf6 3. Nc3 Nbd7 4. Nf3 e5 5. Bc4 Be7 6. 0-0 0-0 7. dxe5 dxe5 8. Qe2 c6 9. Rd1 Qc7 10. Bb3 b5 11. a3 a5 12. Bg5 Ba6 13. Qe1 h6 14. Bh4 Bc5 15. Kh1 Nh5 16. Bg3 Nxg3+ 17. hxg3 Nf6 18. Nh2 Qb6 19. Rd2 Rfd8 20. Rad1 Bd4 21. f3 Bxc3 22. bxc3 a4 23. Ba2 Rxd2 24. Qxd2 Qc5 25. Ra1 Qe7 26. Nf1 Rd8 27. Qe3 Nd7 28. Qa7 Bc8 29. Qc7 Re8 30. Qxc6 Qc5 31. Bd5 Qxc6 32. Bxc6 Re6 33. Bxb5 Nc5 34. Rd1 Kh7 35. Rd5 Nb7 36. Ne3 f6 37. c4 Nd6 38. Bxa4 Bb7 39. Rd2 Ba6 40. c5 Nb7 41. Rd5 Na5 42. Rd6 Re7 43. Rxa6 1-0

[Event "EU-ch U12 26th"]
[Site "Prague"]
[Date "2016.08.21"]
[Round "4"]
[White "Mechlinski, Jakub"]
[Black "Arbuzov, Timofey"]
[Result "1/2-1/2"]
[WhiteElo "1753"]
[BlackElo "1870"]
[PlyCount "43"]
[EventDate "2016.08.18"]
[EventType "swiss"]
[EventRounds "9"]
[EventCountry "CZE"]
[SourceTitle "CBM 174 Extra"]
[Source "ChessBase"]
[SourceDate "2016.10.10"]
[SourceVersion "1"]
[SourceVersionDate "2016.10.10"]
[SourceQuality "1"]

1. e4 c6 2. d4 d5 3. Nc3 dxe4 4. Nxe4 Bf5 5. Ng3 Bg6 6. Nf3 Nd7 7. Bd3 Bxd3 8. Qxd3 e5 9. 0-0 Ngf6 10. Re1 Be7 11. c3 0-0 12. Bd2 Qc7 13. Ne4 Rfd8 14. Qe2 Nd5 15. Rad1 Rac8 16. b3 Nf4 17. Qe3 Nd5 18. Qe2 c5 19. c4 Nf4 20. Qe3 Ng6 21. Bc3 cxd4 22. Bxd4 1/2-1/2